| 000 | 00762 a2200229 4500 | ||
|---|---|---|---|
| 001 | 62868 | ||
| 005 | 20260407155923.0 | ||
| 008 | 260407a1990 arg spa d | ||
| 003 | AR-UNSa-BCEJYS | ||
| 040 |
_aAR-UNSa-BCEJYS _bspa _cAR-UNSa-BCEJYS |
||
| 080 |
_a351 _xFunciones propias de la administración pública |
||
| 245 | 1 | 0 | _aReforma del estado y transformación nacional |
| 020 | _a978-950-99496-2-1 | ||
| 264 | 1 |
_aBuenos Aires : _bCiencias de la Administración _c1990 |
|
| 300 |
_a246 p. _c20 cm. |
||
| 505 | _a1. Perspectiva política: Las raíces del cambio y nuestro compromiso político - 2. | ||
| 041 | _aspa | ||
| 942 | _cBK | ||
| 590 | _aniveau_biblio:m niveau_hierar:0 | ||
| 100 | 1 | _aMenem, Carlos Saul | |
| 700 | 1 | _aDromi, José Roberto | |
| 999 |
_c7863 _d7863 |
||